[Event "DVM U10 2016"]
[Site "Magdeburg GER"]
[Date "2016.12.29"]
[Round "7"]
[White "Römer, Alois"]
[Black "Reichmann, Felix"]
[Result "0-1"]
[Termination "normal"]
[Board "1.3"]
[WhiteElo "1074"]
[BlackElo "1450"]
[WhiteClock "00:34:02"]
[BlackClock "00:44:55"]
[WhiteTeam "SF Brackel"]
[BlackTeam "SF Nordost Berlin 1"]
[PlyCount "114"]
[WhiteFideId "16255607"]
[BlackFideId "16238290"]
[EventCountry "GER"]
[EventRounds "7"]
[EventType "team-swiss"]
[EventDate "2016.12.27"]

1. e4 c5 2. d4 {[%clk 0:59:58]} cxd4 {[%clk 0:59:49]} 3. c3 {[%clk 0:59:52]} g6
{[%clk 0:59:45]} 4. Nf3 {[%clk 0:59:28]} Bg7 {[%clk 0:59:37]} 5. cxd4 {[%clk
0:59:10]} d5 {[%clk 0:59:29]} 6. e5 {[%clk 0:59:00]} Nc6 {[%clk 0:59:14]} 7.
Be3 {[%clk 0:58:23]} Nh6 {[%clk 0:59:08]} 8. Nc3 Bg4 {[%clk 0:58:37]} 9. h3
{[%clk 0:56:36]} Bxf3 {[%clk 0:58:36]} 10. Qxf3 {[%clk 0:56:29]} e6 {[%clk
0:58:22]} 11. Bb5 {[%clk 0:56:03]} a6 {[%clk 0:58:15]} 12. Ba4 {[%clk 0:55:51]}
b5 {[%clk 0:58:05]} 13. Bc2 {[%clk 0:55:29]} O-O {[%clk 0:57:41]} 14. Qe2
{[%clk 0:54:59]} Nb4 {[%clk 0:56:42]} 15. Bb3 {[%clk 0:54:27]} Nf5 {[%clk
0:56:34]} 16. a3 {[%clk 0:52:13]} Nc6 {[%clk 0:55:26]} 17. O-O {[%clk 0:50:09]}
Ncxd4 {[%clk 0:55:03]} 18. Bxd4 {[%clk 0:49:50]} Nxd4 {[%clk 0:54:56]} 19. Qd1
{[%clk 0:48:13]} Nxb3 {[%clk 0:54:41]} 20. Qxb3 {[%clk 0:48:03]} Bxe5 {[%clk
0:54:31]} 21. Rfe1 {[%clk 0:45:42]} Bxc3 {[%clk 0:53:51]} 22. bxc3 {[%clk
0:45:23]} Rc8 {[%clk 0:53:33]} 23. Rad1 {[%clk 0:45:09]} Qa5 {[%clk 0:53:15]}
24. Qb4 {[%clk 0:44:35]} Qxb4 {[%clk 0:53:09]} 25. cxb4 {[%clk 0:44:28]} Rc3
{[%clk 0:53:00]} 26. Ra1 {[%clk 0:44:14]} Ra8 {[%clk 0:52:30]} 27. a4 {[%clk
0:42:41]} bxa4 {[%clk 0:51:56]} 28. Rxa4 {[%clk 0:42:22]} Rb3 {[%clk 0:51:16]}
29. Rc1 {[%clk 0:41:57]} d4 {[%clk 0:51:03]} 30. Rc4 {[%clk 0:41:39]} e5 {[%clk
0:50:21]} 31. Kf1 {[%clk 0:41:18]} d3 {[%clk 0:49:40]} 32. Ke1 {[%clk 0:40:51]}
Rb2 {[%clk 0:49:33]} 33. Rc5 {[%clk 0:40:11]} e4 {[%clk 0:48:59]} 34. Rd5
{[%clk 0:40:03]} Rc8 {[%clk 0:48:12]} 35. Kd1 {[%clk 0:39:40]} Rb1+ {[%clk
0:47:47]} 36. Kd2 {[%clk 0:39:32]} Rc2+ {[%clk 0:47:45]} 37. Ke3 {[%clk
0:39:11]} Re2+ {[%clk 0:47:44]} 38. Kf4 d2 {[%clk 0:47:38]} 39. Rxd2 {[%clk
0:38:37]} Rxd2 {[%clk 0:47:32]} 40. Kxe4 {[%clk 0:37:49]} Rdb2 {[%clk 0:47:07]}
41. Ke5 {[%clk 0:37:35]} Rxb4 {[%clk 0:46:54]} 42. Rxa6 {[%clk 0:37:24]} Rb5+
{[%clk 0:46:49]} 43. Kf4 {[%clk 0:37:12]} Rf5+ {[%clk 0:46:41]} 44. Ke3 {[%clk
0:36:42]} Rb3+ {[%clk 0:46:21]} 45. Ke4 {[%clk 0:36:32]} Rxf2 {[%clk 0:46:15]}
46. Ra8+ {[%clk 0:36:09]} Kg7 {[%clk 0:46:11]} 47. Ra7 {[%clk 0:36:03]} Rxg2
{[%clk 0:46:05]} 48. Ke5 {[%clk 0:35:58]} Rxh3 {[%clk 0:45:59]} 49. Kf4 {[%clk
0:35:46]} h5 {[%clk 0:45:49]} 50. Rb7 {[%clk 0:35:22]} Rg4+ {[%clk 0:45:41]}
51. Ke5 {[%clk 0:35:11]} Rf3 {[%clk 0:45:31]} 52. Kd6 {[%clk 0:35:00]} h4
{[%clk 0:45:25]} 53. Ke7 {[%clk 0:34:53]} h3 {[%clk 0:45:17]} 54. Rb8 {[%clk
0:34:49]} h2 {[%clk 0:45:08]} 55. Rf8 {[%clk 0:34:40]} h1=Q 56. Rxf7+ {[%clk
0:34:08]} Rxf7+ {[%clk 0:44:55]} 57. Ke8 {[%clk 0:34:02]} Qa8# 0-1

[Event "DVM U10 2016"]
[Site "Magdeburg GER"]
[Date "2016.12.29"]
[Round "7"]
[White "Beck, Felix"]
[Black "Zabudkin, David"]
[Result "1-0"]
[Termination "normal"]
[Board "1.4"]
[WhiteElo "1254"]
[BlackElo "1114"]
[WhiteClock "00:29:30"]
[BlackClock "00:29:07"]
[WhiteTeam "SF Nordost Berlin 1"]
[BlackTeam "SF Brackel"]
[PlyCount "95"]
[WhiteFideId "16255364"]
[BlackFideId "34605975"]
[EventCountry "GER"]
[EventRounds "7"]
[EventType "team-swiss"]
[EventDate "2016.12.27"]

1. c4 {[%clk 0:59:59]} e5 {[%clk 0:59:51]} 2. g3 {[%clk 0:59:54]} d6 {[%clk
0:59:44]} 3. Bg2 {[%clk 0:59:43]} Nc6 {[%clk 0:59:24]} 4. Nc3 {[%clk 0:59:20]}
Nf6 {[%clk 0:59:07]} 5. d3 {[%clk 0:58:34]} g6 {[%clk 0:59:00]} 6. Nf3 {[%clk
0:57:32]} Bg7 {[%clk 0:58:50]} 7. Be3 {[%clk 0:56:32]} O-O {[%clk 0:58:35]} 8.
h3 {[%clk 0:55:47]} Re8 {[%clk 0:58:09]} 9. O-O {[%clk 0:55:02]} h6 {[%clk
0:57:36]} 10. Qd2 {[%clk 0:54:36]} Bd7 {[%clk 0:55:28]} 11. Bxh6 {[%clk
0:53:44]} Qc8 {[%clk 0:52:46]} 12. Bxg7 {[%clk 0:53:26]} Kxg7 {[%clk 0:52:37]}
13. Kh2 {[%clk 0:49:51]} Rh8 {[%clk 0:52:14]} 14. h4 {[%clk 0:48:37]} Ng4+
{[%clk 0:51:57]} 15. Kg1 {[%clk 0:47:49]} Rh7 {[%clk 0:50:30]} 16. e3 {[%clk
0:44:05]} Qh8 {[%clk 0:50:15]} 17. d4 {[%clk 0:42:58]} f6 {[%clk 0:48:12]} 18.
c5 {[%clk 0:41:24]} f5 {[%clk 0:43:57]} 19. dxe5 {[%clk 0:39:40]} Ncxe5 {[%clk
0:43:36]} 20. Nxe5 {[%clk 0:38:50]} Nxe5 {[%clk 0:43:18]} 21. cxd6 {[%clk
0:38:18]} Bc6 {[%clk 0:41:59]} 22. Qd4 {[%clk 0:36:35]} Kf6 {[%clk 0:40:05]}
23. f4 {[%clk 0:35:43]} Bxg2 {[%clk 0:38:40]} 24. Qxe5+ {[%clk 0:35:02]} Kf7
{[%clk 0:38:13]} 25. Qxh8 {[%clk 0:34:12]} Raxh8 {[%clk 0:38:00]} 26. Kxg2
{[%clk 0:34:00]} cxd6 {[%clk 0:37:41]} 27. Rfd1 {[%clk 0:33:50]} Rd8 {[%clk
0:37:24]} 28. Nb5 {[%clk 0:33:41]} Ke6 {[%clk 0:36:38]} 29. Nxa7 {[%clk
0:33:26]} Rc8 {[%clk 0:35:58]} 30. Nxc8 {[%clk 0:33:20]} Rd7 {[%clk 0:35:28]}
31. Rac1 {[%clk 0:33:13]} b5 {[%clk 0:34:56]} 32. Nb6 {[%clk 0:32:48]} Rb7
{[%clk 0:34:25]} 33. Rc6 {[%clk 0:32:31]} Ke7 {[%clk 0:33:53]} 34. Rdxd6 {[%clk
0:32:17]} Rc7 {[%clk 0:32:50]} 35. Rxc7+ {[%clk 0:32:07]} Kxd6 {[%clk 0:32:41]}
36. Rg7 {[%clk 0:32:01]} g5 {[%clk 0:32:22]} 37. fxg5 {[%clk 0:31:22]} Kc6
{[%clk 0:32:17]} 38. g6 {[%clk 0:31:14]} Kxb6 {[%clk 0:32:08]} 39. Rd7 {[%clk
0:31:04]} Kc6 {[%clk 0:31:52]} 40. Rd1 {[%clk 0:30:56]} Kc5 {[%clk 0:31:27]}
41. g7 {[%clk 0:30:50]} Kb4 {[%clk 0:31:01]} 42. g8=Q {[%clk 0:30:39]} Ka4
{[%clk 0:30:45]} 43. Qa8+ {[%clk 0:30:31]} Kb4 {[%clk 0:30:24]} 44. Rd4+ {[%clk
0:30:19]} Kc5 {[%clk 0:30:10]} 45. Qc8+ {[%clk 0:30:06]} Kb6 {[%clk 0:29:41]}
46. b4 {[%clk 0:29:35]} f4 {[%clk 0:29:27]} 47. Rd6+ {[%clk 0:29:30]} Ka7
{[%clk 0:29:07]} 48. Ra6# 1-0

[Event "DVM U10 2016"]
[Site "Magdeburg GER"]
[Date "2016.12.29"]
[Round "7"]
[White "Brunner, Alexander"]
[Black "Huo, Da"]
[Result "0-1"]
[Termination "normal"]
[Board "2.1"]
[WhiteElo "1348"]
[BlackElo "1707"]
[WhiteClock "00:12:19"]
[BlackClock "00:02:26"]
[WhiteTeam "Hagener SV 1"]
[BlackTeam "Hamburger SK 1"]
[PlyCount "158"]
[WhiteFideId "12965278"]
[BlackFideId "16221206"]
[EventCountry "GER"]
[EventRounds "7"]
[EventType "team-swiss"]
[EventDate "2016.12.27"]

1. e4 {[%clk 0:59:59]} c5 {[%clk 0:59:51]} 2. d4 {[%clk 0:59:51]} cxd4 {[%clk
0:59:43]} 3. c3 {[%clk 0:59:43]} dxc3 {[%clk 0:59:36]} 4. Nxc3 {[%clk 0:59:37]}
Nc6 {[%clk 0:58:54]} 5. Nf3 {[%clk 0:59:04]} d6 {[%clk 0:58:44]} 6. Bc4 {[%clk
0:58:43]} Nf6 {[%clk 0:58:10]} 7. O-O {[%clk 0:58:28]} e6 {[%clk 0:57:48]} 8.
Bg5 {[%clk 0:57:57]} Be7 {[%clk 0:57:38]} 9. Qe2 {[%clk 0:57:26]} O-O {[%clk
0:56:55]} 10. Rfd1 {[%clk 0:56:50]} e5 {[%clk 0:55:47]} 11. Rac1 {[%clk
0:56:19]} a6 {[%clk 0:55:34]} 12. b4 {[%clk 0:54:38]} b5 {[%clk 0:50:41]} 13.
Bxf6 {[%clk 0:53:40]} Bxf6 {[%clk 0:50:20]} 14. Bd5 {[%clk 0:53:24]} Bb7 {[%clk
0:49:15]} 15. Nxb5 {[%clk 0:52:41]} axb5 {[%clk 0:47:16]} 16. Qxb5 {[%clk
0:52:30]} Nd4 {[%clk 0:40:09]} 17. Nxd4 {[%clk 0:51:11]} Bxd5 {[%clk 0:39:41]}
18. Nf5 {[%clk 0:50:30]} Bxa2 {[%clk 0:36:01]} 19. Rxd6 {[%clk 0:48:53]} Qe8
{[%clk 0:33:41]} 20. Qb6 {[%clk 0:48:09]} Qb8 {[%clk 0:31:23]} 21. Rxf6 {[%clk
0:47:43]} Be6 {[%clk 0:28:02]} 22. Ne7+ {[%clk 0:39:57]} Kh8 {[%clk 0:27:53]}
23. Qxb8 {[%clk 0:39:05]} Raxb8 {[%clk 0:27:43]} 24. Rf3 {[%clk 0:38:21]} Rxb4
{[%clk 0:27:37]} 25. Re3 {[%clk 0:37:59]} Re8 {[%clk 0:26:07]} 26. Nc6 {[%clk
0:36:48]} Rc8 {[%clk 0:25:55]} 27. Ree1 {[%clk 0:36:22]} Rb5 {[%clk 0:22:52]}
28. Rcd1 {[%clk 0:35:43]} Rc5 {[%clk 0:19:58]} 29. Ne7 {[%clk 0:34:27]} Re8
{[%clk 0:19:05]} 30. Nd5 {[%clk 0:33:54]} Bxd5 {[%clk 0:18:54]} 31. exd5 {[%clk
0:33:42]} f6 {[%clk 0:18:48]} 32. f4 {[%clk 0:33:13]} e4 {[%clk 0:16:55]} 33.
d6 {[%clk 0:32:06]} f5 {[%clk 0:16:30]} 34. g4 {[%clk 0:31:29]} g6 {[%clk
0:16:16]} 35. gxf5 {[%clk 0:30:38]} gxf5 {[%clk 0:16:15]} 36. d7 {[%clk
0:30:24]} Rd8 {[%clk 0:16:09]} 37. Re2 {[%clk 0:30:09]} Rc7 {[%clk 0:15:50]}
38. Red2 {[%clk 0:30:00]} Kg7 {[%clk 0:15:18]} 39. Rd6 {[%clk 0:29:46]} Kf7
{[%clk 0:14:43]} 40. Kf2 {[%clk 0:29:09]} Ke7 {[%clk 0:14:36]} 41. Rh6 {[%clk
0:29:02]} Rcxd7 {[%clk 0:14:26]} 42. Rxh7+ {[%clk 0:28:32]} Ke6 {[%clk
0:14:16]} 43. Rh6+ {[%clk 0:28:09]} Ke7 {[%clk 0:13:38]} 44. Rh7+ {[%clk
0:27:04]} Ke6 {[%clk 0:12:53]} 45. Rh6+ {[%clk 0:26:54]} Ke7 {[%clk 0:12:21]}
46. Rh7+ {[%clk 0:26:37]} Ke8 {[%clk 0:11:51]} 47. Rdxd7 {[%clk 0:25:00]} Rxd7
{[%clk 0:11:30]} 48. Rh5 {[%clk 0:24:49]} Rf7 {[%clk 0:11:13]} 49. Rg5 {[%clk
0:24:11]} Ke7 {[%clk 0:10:54]} 50. h4 {[%clk 0:23:54]} Kf6 {[%clk 0:10:40]} 51.
h5 {[%clk 0:23:44]} Rg7 {[%clk 0:09:56]} 52. h6 {[%clk 0:23:24]} Rh7 {[%clk
0:09:44]} 53. Rh5 {[%clk 0:22:44]} Kg6 {[%clk 0:08:27]} 54. Rg5+ {[%clk
0:22:39]} Kf6 {[%clk 0:08:18]} 55. Rh5 {[%clk 0:22:31]} Ke6 {[%clk 0:08:12]}
56. Ke3 {[%clk 0:22:18]} Kf6 {[%clk 0:07:59]} 57. Kd4 {[%clk 0:21:51]} Rd7+
{[%clk 0:07:28]} 58. Ke3 {[%clk 0:21:39]} Rh7 {[%clk 0:06:52]} 59. Kd4 {[%clk
0:21:25]} Rh8 {[%clk 0:04:45]} 60. h7 {[%clk 0:21:08]} Rd8+ {[%clk 0:03:46]}
61. Ke3 {[%clk 0:20:38]} Rh8 {[%clk 0:03:43]} 62. Rh6+ {[%clk 0:18:59]} Kg7
{[%clk 0:03:38]} 63. Rh5 {[%clk 0:16:44]} Kg6 {[%clk 0:03:37]} 64. Rg5+ {[%clk
0:16:23]} Kf6 {[%clk 0:03:35]} 65. Rh5 {[%clk 0:14:49]} Kg6 {[%clk 0:03:31]}
66. Rh1 {[%clk 0:14:46]} Rxh7 {[%clk 0:03:18]} 67. Re1 {[%clk 0:14:27]} Rh3+
{[%clk 0:03:10]} 68. Kf2 {[%clk 0:14:19]} Rf3+ {[%clk 0:03:07]} 69. Kg2 {[%clk
0:14:08]} Rxf4 {[%clk 0:03:05]} 70. Kh3 {[%clk 0:13:50]} Kg5 {[%clk 0:03:02]}
71. Rg1+ {[%clk 0:13:40]} Rg4 {[%clk 0:03:00]} 72. Rf1 {[%clk 0:13:33]} f4
{[%clk 0:02:54]} 73. Kh2 {[%clk 0:13:24]} f3 {[%clk 0:02:49]} 74. Kh1 {[%clk
0:13:22]} Kf4 {[%clk 0:02:48]} 75. Kh2 {[%clk 0:13:11]} e3 {[%clk 0:02:46]} 76.
Kh3 {[%clk 0:13:03]} e2 {[%clk 0:02:43]} 77. Rxf3+ {[%clk 0:12:23]} Kxf3 {[%clk
0:02:32]} 78. Kh2 {[%clk 0:12:22]} Rg8 {[%clk 0:02:28]} 79. Kh3 {[%clk
0:12:19]} Rh8# {[%clk 0:02:26]} 0-1

[Event "DVM U10 2016"]
[Site "Magdeburg GER"]
[Date "2016.12.29"]
[Round "7"]
[White "Maul, Maik"]
[Black "Garner, Isaac"]
[Result "0-1"]
[Termination "normal"]
[Board "2.3"]
[WhiteElo "1356"]
[BlackElo "1198"]
[WhiteClock "00:14:38"]
[BlackClock "00:21:31"]
[WhiteTeam "Hagener SV 1"]
[BlackTeam "Hamburger SK 1"]
[PlyCount "86"]
[WhiteFideId "16204816"]
[BlackFideId "16239261"]
[EventCountry "GER"]
[EventRounds "7"]
[EventType "team-swiss"]
[EventDate "2016.12.27"]

1. d4 {[%clk 0:59:53]} Nf6 {[%clk 0:59:55]} 2. Nc3 {[%clk 0:59:35]} d5 {[%clk
0:59:49]} 3. Bf4 {[%clk 0:59:17]} e6 {[%clk 0:59:38]} 4. Nf3 {[%clk 0:58:50]}
c5 {[%clk 0:59:29]} 5. e3 {[%clk 0:58:37]} Nc6 {[%clk 0:59:13]} 6. Nb5 {[%clk
0:57:48]} Rb8 {[%clk 0:57:37]} 7. Bxb8 {[%clk 0:57:32]} Nxb8 {[%clk 0:57:36]}
8. Be2 {[%clk 0:55:31]} Be7 {[%clk 0:56:44]} 9. Nc3 {[%clk 0:54:24]} O-O {[%clk
0:56:14]} 10. O-O {[%clk 0:54:10]} a6 {[%clk 0:56:07]} 11. a4 {[%clk 0:53:57]}
Nc6 {[%clk 0:55:39]} 12. Qd2 {[%clk 0:49:10]} cxd4 {[%clk 0:55:24]} 13. exd4
{[%clk 0:48:59]} Bb4 {[%clk 0:55:22]} 14. Qf4 {[%clk 0:46:40]} Bd6 {[%clk
0:53:57]} 15. Qh4 {[%clk 0:45:09]} Be7 {[%clk 0:53:20]} 16. Qf4 {[%clk
0:44:24]} Bd6 {[%clk 0:53:15]} 17. Qd2 {[%clk 0:44:05]} Bb4 {[%clk 0:53:07]}
18. Qd3 {[%clk 0:43:37]} Bd6 {[%clk 0:50:46]} 19. Qe3 {[%clk 0:36:32]} Re8
{[%clk 0:49:11]} 20. Bd3 b6 {[%clk 0:47:37]} 21. Rfe1 {[%clk 0:35:17]} Qc7
{[%clk 0:47:03]} 22. Ne5 {[%clk 0:34:05]} h6 {[%clk 0:41:39]} 23. f4 {[%clk
0:32:18]} Nd7 {[%clk 0:40:45]} 24. Qe2 {[%clk 0:30:54]} Nxd4 {[%clk 0:40:07]}
25. Qh5 {[%clk 0:30:30]} Nf6 {[%clk 0:38:54]} 26. Qd1 {[%clk 0:29:58]} Bc5
{[%clk 0:38:00]} 27. Kh1 {[%clk 0:28:28]} Nc6 {[%clk 0:36:11]} 28. Nxc6 {[%clk
0:27:11]} Qxc6 {[%clk 0:35:49]} 29. Qe2 {[%clk 0:26:41]} Bb4 {[%clk 0:34:49]}
30. Rad1 {[%clk 0:26:03]} d4 {[%clk 0:34:27]} 31. Rf1 {[%clk 0:22:00]} dxc3
{[%clk 0:34:01]} 32. bxc3 {[%clk 0:21:02]} Bxc3 {[%clk 0:33:43]} 33. Rf3 {[%clk
0:19:13]} e5 {[%clk 0:32:25]} 34. f5 {[%clk 0:18:12]} e4 {[%clk 0:30:35]} 35.
Re3 {[%clk 0:17:47]} exd3 {[%clk 0:29:11]} 36. Rdxd3 {[%clk 0:17:35]} Rxe3
{[%clk 0:27:24]} 37. Qxe3 {[%clk 0:17:22]} Bb7 {[%clk 0:26:47]} 38. Qg3 {[%clk
0:16:41]} Be5 {[%clk 0:25:46]} 39. Qf2 {[%clk 0:16:08]} Ng4 {[%clk 0:25:00]}
40. Qf3 {[%clk 0:15:13]} Qxf3 {[%clk 0:22:57]} 41. gxf3 {[%clk 0:15:06]} Nxh2
{[%clk 0:22:08]} 42. Re3 {[%clk 0:14:48]} Bxf3+ {[%clk 0:21:42]} 43. Kg1 {[%clk
0:14:38]} Bd4 {[%clk 0:21:31]} 0-1

[Event "DVM U10 2016"]
[Site "Magdeburg GER"]
[Date "2016.12.29"]
[Round "7"]
[White "Kort, Felix"]
[Black "Glasmeyer, Jannis"]
[Result "1-0"]
[Termination "normal"]
[Board "2.4"]
[WhiteElo "1572"]
[BlackElo "802"]
[WhiteClock "00:19:44"]
[BlackClock "00:38:35"]
[WhiteTeam "Hamburger SK 1"]
[BlackTeam "Hagener SV 1"]
[PlyCount "68"]
[WhiteFideId "16220129"]
[BlackFideId "16231023"]
[EventCountry "GER"]
[EventRounds "7"]
[EventType "team-swiss"]
[EventDate "2016.12.27"]

1. d4 {[%clk 0:59:58]} d5 {[%clk 0:59:57]} 2. c4 {[%clk 0:59:54]} dxc4 {[%clk
0:59:25]} 3. e4 {[%clk 0:59:47]} Nf6 {[%clk 0:59:07]} 4. Nc3 {[%clk 0:59:42]}
Nc6 {[%clk 0:58:38]} 5. Nf3 {[%clk 0:59:28]} Na5 {[%clk 0:57:44]} 6. Qa4+
{[%clk 0:57:57]} Nc6 {[%clk 0:57:34]} 7. d5 {[%clk 0:57:46]} Bd7 {[%clk
0:57:15]} 8. dxc6 {[%clk 0:57:21]} Bxc6 {[%clk 0:57:07]} 9. Qc2 {[%clk
0:56:44]} e6 {[%clk 0:56:37]} 10. Bg5 {[%clk 0:56:02]} Bc5 {[%clk 0:55:56]} 11.
e5 {[%clk 0:54:52]} Bxf3 {[%clk 0:55:34]} 12. gxf3 {[%clk 0:54:30]} Be7 {[%clk
0:54:47]} 13. exf6 {[%clk 0:54:24]} Bxf6 {[%clk 0:54:40]} 14. Bxf6 {[%clk
0:54:04]} Qxf6 {[%clk 0:54:31]} 15. Qe4 {[%clk 0:50:20]} O-O {[%clk 0:53:19]}
16. Bxc4 {[%clk 0:48:59]} Rfd8 {[%clk 0:51:59]} 17. Bd3 {[%clk 0:42:52]} Rd4
{[%clk 0:51:31]} 18. Qxh7+ {[%clk 0:41:54]} Kf8 {[%clk 0:51:15]} 19. Qh8+
{[%clk 0:41:36]} Ke7 {[%clk 0:51:09]} 20. Qxa8 {[%clk 0:41:19]} Rxd3 {[%clk
0:51:00]} 21. Qxb7 {[%clk 0:39:01]} Rd7 {[%clk 0:50:12]} 22. Qxa7 {[%clk
0:35:27]} Qxf3 {[%clk 0:50:00]} 23. Rg1 {[%clk 0:30:26]} g6 {[%clk 0:49:33]}
24. Qe3 {[%clk 0:28:15]} Qb7 {[%clk 0:48:45]} 25. Qg5+ {[%clk 0:26:29]} Kd6
{[%clk 0:48:18]} 26. O-O-O+ {[%clk 0:26:18]} Kc6 {[%clk 0:48:00]} 27. Qg2+
{[%clk 0:25:32]} Kb6 {[%clk 0:46:59]} 28. Rxd7 {[%clk 0:25:22]} Qc8 {[%clk
0:42:41]} 29. Rxf7 {[%clk 0:24:32]} Qe8 {[%clk 0:41:40]} 30. Qxg6 {[%clk
0:24:22]} Qc6 {[%clk 0:40:16]} 31. Rf6 {[%clk 0:23:30]} Qb7 {[%clk 0:39:57]}
32. Rxe6+ {[%clk 0:23:18]} c6 {[%clk 0:39:52]} 33. Rg4 {[%clk 0:20:53]} Kc5
{[%clk 0:39:14]} 34. Re5+ {[%clk 0:19:44]} Kb6 {[%clk 0:38:35]} 1-0

[Event "DVM U10 2016"]
[Site "Magdeburg GER"]
[Date "2016.12.29"]
[Round "7"]
[White "Hecht, Jonas Christian"]
[Black "Prieb, Robert"]
[Result "0-1"]
[Termination "normal"]
[Board "3.1"]
[WhiteElo "1381"]
[BlackElo "1554"]
[WhiteClock "00:08:01"]
[BlackClock "00:04:05"]
[WhiteTeam "SC Kreuzberg"]
[BlackTeam "Schachakademie Paderborn 1"]
[PlyCount "113"]
[WhiteFideId "16214846"]
[BlackFideId "16212002"]
[EventCountry "GER"]
[EventRounds "7"]
[EventType "team-swiss"]
[EventDate "2016.12.27"]

1. e4 {[%clk 0:59:57]} c5 {[%clk 0:59:52]} 2. Nf3 {[%clk 0:59:47]} d6 {[%clk
0:59:47]} 3. d4 {[%clk 0:59:39]} cxd4 {[%clk 0:59:38]} 4. Nxd4 {[%clk 0:59:29]}
Nf6 {[%clk 0:59:33]} 5. Nc3 {[%clk 0:59:20]} a6 {[%clk 0:59:24]} 6. Be3 {[%clk
0:59:13]} e5 {[%clk 0:59:13]} 7. Nf3 {[%clk 0:59:02]} Be6 {[%clk 0:58:58]} 8.
Be2 {[%clk 0:58:48]} Be7 {[%clk 0:58:32]} 9. O-O {[%clk 0:58:33]} Ng4 {[%clk
0:57:37]} 10. Qd2 {[%clk 0:56:59]} Nxe3 {[%clk 0:56:57]} 11. Qxe3 {[%clk
0:56:51]} O-O {[%clk 0:56:14]} 12. Rad1 {[%clk 0:56:40]} Qc7 {[%clk 0:55:10]}
13. Nd2 {[%clk 0:53:26]} b5 {[%clk 0:49:44]} 14. a3 {[%clk 0:51:36]} Nc6 {[%clk
0:46:18]} 15. f4 {[%clk 0:46:48]} Nd4 {[%clk 0:41:10]} 16. Bd3 {[%clk 0:44:59]}
Qa7 {[%clk 0:32:35]} 17. Kh1 {[%clk 0:43:28]} Bg4 {[%clk 0:27:34]} 18. Nf3
{[%clk 0:37:26]} Nxf3 {[%clk 0:25:35]} 19. Qxa7 {[%clk 0:37:13]} Rxa7 {[%clk
0:25:20]} 20. gxf3 {[%clk 0:37:01]} Bh3 {[%clk 0:23:53]} 21. Rg1 {[%clk
0:36:45]} Be6 {[%clk 0:21:09]} 22. f5 {[%clk 0:35:45]} Bc4 {[%clk 0:20:26]} 23.
Bxc4 {[%clk 0:34:00]} bxc4 {[%clk 0:19:45]} 24. Nd5 {[%clk 0:33:46]} Bd8 {[%clk
0:18:07]} 25. Rg2 {[%clk 0:31:43]} g6 {[%clk 0:17:22]} 26. Rdg1 {[%clk
0:30:32]} Rb7 {[%clk 0:16:24]} 27. c3 {[%clk 0:29:41]} Kh8 {[%clk 0:15:26]} 28.
Ne3 {[%clk 0:27:56]} Bb6 {[%clk 0:14:38]} 29. Re1 {[%clk 0:26:57]} Bxe3 {[%clk
0:13:40]} 30. Rxe3 {[%clk 0:26:49]} Rfb8 {[%clk 0:13:29]} 31. b4 {[%clk
0:25:38]} cxb3 {[%clk 0:13:17]} 32. Rb2 {[%clk 0:25:09]} Rb5 {[%clk 0:12:12]}
33. c4 {[%clk 0:23:43]} R5b6 {[%clk 0:11:45]} 34. Kg2 {[%clk 0:20:22]} gxf5
{[%clk 0:11:21]} 35. exf5 {[%clk 0:20:12]} Kg7 {[%clk 0:11:12]} 36. f4 {[%clk
0:19:08]} Kf6 {[%clk 0:10:00]} 37. fxe5+ {[%clk 0:18:24]} dxe5 {[%clk 0:09:53]}
38. Rh3 {[%clk 0:15:47]} Kxf5 {[%clk 0:09:01]} 39. Rxh7 {[%clk 0:15:38]} f6
{[%clk 0:08:55]} 40. Kf3 {[%clk 0:15:08]} Rc6 {[%clk 0:08:24]} 41. Rh4 {[%clk
0:14:43]} Ke6 {[%clk 0:07:43]} 42. Ke3 {[%clk 0:13:28]} a5 {[%clk 0:07:25]} 43.
a4 {[%clk 0:11:48]} f5 {[%clk 0:06:16]} 44. Rh6+ {[%clk 0:11:10]} Kd7 {[%clk
0:06:09]} 45. Rh7+ {[%clk 0:10:53]} Kd6 {[%clk 0:06:02]} 46. Rh6+ {[%clk
0:10:47]} Kc5 {[%clk 0:05:42]} 47. Rxc6+ {[%clk 0:10:41]} Kxc6 {[%clk 0:05:38]}
48. h4 {[%clk 0:09:51]} Kd6 {[%clk 0:05:27]} 49. h5 {[%clk 0:09:31]} Kc5 {[%clk
0:05:05]} 50. h6 {[%clk 0:09:01]} Kxc4 {[%clk 0:05:02]} 51. h7 {[%clk 0:08:54]}
Kc3 {[%clk 0:04:59]} 52. Rb1 {[%clk 0:08:37]} Kc2 {[%clk 0:04:54]} 53. Rh1
{[%clk 0:08:20]} b2 {[%clk 0:04:45]} 54. Rh2+ {[%clk 0:08:13]} Kb3 {[%clk
0:04:15]} 55. Rh1 {[%clk 0:08:07]} Ka2 {[%clk 0:04:09]} 56. Rh2 {[%clk
0:08:01]} Ka1 {[%clk 0:04:05]} 57. Kd4 0-1

[Event "DVM U10 2016"]
[Site "Magdeburg GER"]
[Date "2016.12.29"]
[Round "7"]
[White "Schneider, Nils"]
[Black "Held, Momme Fredrik"]
[Result "1-0"]
[Termination "normal"]
[Board "3.2"]
[WhiteElo "1168"]
[BlackElo "1085"]
[WhiteClock "00:33:45"]
[BlackClock "00:44:00"]
[WhiteTeam "Schachakademie Paderborn 1"]
[BlackTeam "SC Kreuzberg"]
[PlyCount "51"]
[BlackFideId "16237692"]
[EventCountry "GER"]
[EventRounds "7"]
[EventType "team-swiss"]
[EventDate "2016.12.27"]

1. d4 {[%clk 0:59:58]} d5 {[%clk 0:59:53]} 2. Nf3 {[%clk 0:59:53]} Nf6 {[%clk
0:59:49]} 3. Bf4 {[%clk 0:59:49]} Bf5 {[%clk 0:59:44]} 4. e3 {[%clk 0:59:46]}
e6 {[%clk 0:59:38]} 5. Bd3 {[%clk 0:59:42]} Bxd3 {[%clk 0:59:30]} 6. Qxd3
{[%clk 0:59:35]} c5 {[%clk 0:59:23]} 7. dxc5 {[%clk 0:58:53]} Bxc5 {[%clk
0:59:11]} 8. Qb5+ {[%clk 0:58:39]} Nbd7 {[%clk 0:59:01]} 9. Qxb7 {[%clk
0:58:08]} Rb8 {[%clk 0:58:37]} 10. Bxb8 {[%clk 0:57:30]} Qxb8 {[%clk 0:58:32]}
11. Qxb8+ {[%clk 0:57:19]} Nxb8 {[%clk 0:58:25]} 12. O-O {[%clk 0:57:03]} O-O
{[%clk 0:58:20]} 13. Nbd2 {[%clk 0:56:43]} Nc6 {[%clk 0:58:12]} 14. c3 {[%clk
0:56:33]} Rb8 {[%clk 0:58:06]} 15. b3 {[%clk 0:54:48]} Bb6 {[%clk 0:57:01]} 16.
g3 {[%clk 0:53:50]} Ba5 {[%clk 0:56:49]} 17. b4 {[%clk 0:53:39]} Bc7 {[%clk
0:56:43]} 18. Nb3 {[%clk 0:51:47]} e5 {[%clk 0:54:49]} 19. a3 {[%clk 0:49:29]}
e4 {[%clk 0:53:45]} 20. Nfd4 {[%clk 0:49:06]} Ne5 {[%clk 0:53:06]} 21. Nc5
{[%clk 0:44:51]} Bb6 {[%clk 0:49:24]} 22. Rab1 {[%clk 0:41:01]} Rd8 {[%clk
0:45:29]} 23. f3 {[%clk 0:37:16]} Bxc5 {[%clk 0:44:28]} 24. bxc5 {[%clk
0:36:11]} Nd3 {[%clk 0:44:18]} 25. Nc6 {[%clk 0:33:45]} Rd7 {[%clk 0:44:00]}
26. Rb8+ 1-0

[Event "DVM U10 2016"]
[Site "Magdeburg GER"]
[Date "2016.12.29"]
[Round "7"]
[White "Brinkschröder, Josh"]
[Black "Varykhalov, Roman"]
[Result "1-0"]
[Termination "normal"]
[Board "3.4"]
[WhiteElo "1139"]
[BlackElo "803"]
[WhiteTeam "Schachakademie Paderborn 1"]
[BlackTeam "SC Kreuzberg"]
[PlyCount "28"]
[WhiteFideId "16274903"]
[EventCountry "GER"]
[EventRounds "7"]
[EventType "team-swiss"]
[EventDate "2016.12.27"]

1. d4 d5 2. Bf4 Nf6 3. Nf3 Nc6 4. e3 e6 5. c3 Bd6 6. Bg3 Ne4 7. Nbd2 Nxd2 8.
Qxd2 O-O 9. Qd3 g6 10. O-O-O Bxg3 11. hxg3 Qd6 12. Ng5 h5 13. Be2 Qe7 14. f4
Qd8 1-0